ბათუმის შოთა რუსთაველის სახელმწიფო უნივერსიტეტის ბიბლიოთეკა

Molecular ecology / (ბიბ.ჩანაწერი № 57411)

000 -LEADER
fixed length control field 00530cam a22001814a 4500
001 - CONTROL NUMBER
control field 14118927
005 - DATE AND TIME OF LATEST TRANSACTION
control field 20220928172023.0
008 - FIXED-LENGTH DATA ELEMENTS--GENERAL INFORMATION
fixed length control field 050923s2005 enkab b 001 0 eng
020 ## - INTERNATIONAL STANDARD BOOK NUMBER
International Standard Book Number 9780470090626
041 ## - LANGUAGE CODE
Language code of text/sound track or separate title eng
080 ## - UNIVERSAL DECIMAL CLASSIFICATION NUMBER
Universal Decimal Classification number 577 F-88
100 1# - MAIN ENTRY--PERSONAL NAME
Personal name Freeland, Joanna.
9 (RLIN) 8483
245 10 - TITLE STATEMENT
Title Molecular ecology /
Statement of responsibility, etc. Joanna R. Freeland.
264 ## - PRODUCTION, PUBLICATION, DISTRIBUTION, MANUFACTURE, AND COPYRIGHT NOTICE
Place of production, publication, distribution, manufacture Hoboken, NJ :
Name of producer, publisher, distributor, manufacturer John Wiley & Sons,
Date of production, publication, distribution, manufacture, or copyright notice 2005.
300 ## - PHYSICAL DESCRIPTION
Extent 388 p. :
Other physical details ill., maps ;
Dimensions 25 cm.
653 ## - INDEX TERM--UNCONTROLLED
keyword მოლეკულური ეკოლოგია
942 ## - ADDED ENTRY ELEMENTS (KOHA)
Source of classification or shelving scheme
Koha item type წიგნი
ეგზემპლარები
Withdrawn status Lost status Source of classification or shelving scheme Damaged status Not for loan Permanent Location Current Location Shelving location Date acquired Cost, normal purchase price Full call number Barcode Date last seen Copy number Price effective from Koha item type Public note
          ბათუმის შოთა რუსთაველის სახელმწიფო უნივერსიტეტის მთავარი ბიბლიოთეკა ბათუმის შოთა რუსთაველის სახელმწიფო უნივერსიტეტის მთავარი ბიბლიოთეკა წიგნსაცავი 2020-06-17 111.00 577 F-88 60607 2020-06-17 60607 2020-06-17 წიგნი 111 ლ.